Countries By Continent Currencies Quiz #1 - Statistics

General Stats
  • This quiz has been taken 12 times
  • The average score is 5 of 23
Answer Stats
Country Currency % Correct
Mexico Mexican Peso
92%
Canada Canadian Dollar
42%
Bahamas Bahamian Dollar
33%
United States United States Dollar
33%
Belize Belize Dollar
25%
El Salvador Bitcoin
25%
Cuba Cuban Peso
25%
Jamaica Jamaican Dollar
25%
Barbados Barbadian Dollar
17%
Dominican Republic Dominican Peso
17%
Antigua And Barbuda East Caribbean Dollar
17%
Dominica East Caribbean Dollar
17%
Grenada East Caribbean Dollar
17%
St. Kitts And Nevis East Caribbean Dollar
17%
St. Lucia East Caribbean Dollar
17%
St. Vincent And The Grenadines East Caribbean Dollar
17%
Guatemala Guatemalan Quetzal
17%
Trinidad And Tobago Trinidad And Tobago Dollar
17%
Costa Rica Costa Rica Colon
8%
Haiti Haitian Gourde
8%
Honduras Honduran Lempira
8%
Nicaragua Nicaraguan Cordoba
8%
Panama Panamanian Balboa
8%
No matching quizzes found
Score Distribution
Percent of People with Each Score
Percentile by Number Answered
Your Score History
You have not taken this quiz